Library Banner

Takhleeqi adab = تخلیقی ادب / (Record no. 122368)

MARC details
000 -LEADER
fixed length control field 00487nam a22001337a 4500
005 - DATE AND TIME OF LATEST TRANSACTION
control field 20210526113713.0
008 - FIXED-LENGTH DATA ELEMENTS--GENERAL INFORMATION
fixed length control field 210526b ||||| |||| 00| 0 eng d
040 ## - CATALOGING SOURCE
Transcribing agency PK-LaUMT
082 ## - DEWEY DECIMAL CLASSIFICATION NUMBER
Classification number RHC 891.4398
Item number TAK-
245 ## - TITLE STATEMENT
Title Takhleeqi adab = تخلیقی ادب /
Statement of responsibility, etc compiled by Pasha Rehman, Mushafaq Khawaja nd Amina Mushafaq = ترتیب پاشا رحمان، مشفق خواجہ اور آمنہ مشفق
260 ## - PUBLICATION, DISTRIBUTION, ETC. (IMPRINT)
Place of publication, distribution, etc Karachi :
Name of publisher, distributor, etc Asari Matbuaat,
Date of publication, distribution, etc 1980
300 ## - PHYSICAL DESCRIPTION
Extent 660 p.
942 ## - ADDED ENTRY ELEMENTS (KOHA)
Koha item type Books
Holdings
Withdrawn status Lost status Damaged status Home library Current library Date acquired Full call number Barcode Date last seen Price effective from Koha item type
      UMT Main Campus UMT Main Campus 2021-05-26 RHC 891.4398 TAK- 136778 2021-05-26 2021-05-26 Books